Normal view
MARC view
Entry Personal Name
001 - CONTROL NUMBER
- control field: 17860
003 - CONTROL NUMBER IDENTIFIER
- control field: BD-RjUL
005 - DATE AND TIME OF LATEST TRANSACTION
- control field: 20260325151840.0
008 - FIXED-LENGTH DATA ELEMENTS
- fixed length control field: 260325|| aca||aabn | a|a d
040 ## - CATALOGING SOURCE
- Original cataloging agency: BD-RjUL
- Transcribing agency: BD-RjUL
100 ## - HEADING--PERSONAL NAME
- Personal name: Sinha, A. K
670 ## - SOURCE DATA FOUND
- Source citation: Work cat.: (BD-RjUL)86249: Vashishta, B. R. 17859, Botany for degree students - Algae /, 2010, [reprinted 2025]